[Event "FIN-ch Seniors 50"]
[Site "Helsinki"]
[Date "2020.09.25"]
[Round "3"]
[White "Vainikainen, Tommi"]
[Black "Kumpulainen, Jari"]
[Result "1/2-1/2"]
[WhiteElo "1850"]
[BlackElo "1912"]
[PlyCount "67"]
[EventDate "2020.09.24"]
[EventType "tourn"]
[EventRounds "7"]
[EventCountry "FIN"]
[SourceTitle "CBM 198 Extra"]
[Source "ChessBase"]
[SourceDate "2020.11.30"]
[SourceVersion "1"]
[SourceVersionDate "2020.11.30"]
[SourceQuality "1"]

1. e4 d5 2. exd5 Qxd5 3. Nc3 Qa5 4. d4 c6 5. Nf3 Nf6 6. Be2 Bf5 7. 0-0 e6 8. Bf4 Nbd7 9. a3 h6 10. Re1 Be7 11. Bd3 Bxd3 12. Qxd3 0-0 13. Ne4 Nxe4 14. Rxe4 Nf6 15. Re5 Qd8 16. Bd2 Bd6 17. Ree1 Qc7 18. Ne5 c5 19. Qg3 Kh7 20. Qh4 Be7 21. dxc5 Qxc5 22. Bb4 Qc7 23. Bxe7 Qxe7 24. c4 Qc7 25. b4 Rad8 26. Qg3 Kg8 27. c5 Rd4 28. Rad1 Ne4 29. Qe3 Rxd1 30. Rxd1 Nf6 31. Nc4 Nd5 32. Ne5 Nf6 33. Qb3 a5 34. Qf3 1/2-1/2

[Event "FIN-ch Seniors 50"]
[Site "Helsinki"]
[Date "2020.09.24"]
[Round "1"]
[White "Hamalainen, Sami"]
[Black "Kumpulainen, Jari"]
[Result "1-0"]
[WhiteElo "2182"]
[BlackElo "1912"]
[PlyCount "126"]
[EventDate "2020.09.24"]
[EventType "tourn"]
[EventRounds "7"]
[EventCountry "FIN"]
[SourceTitle "CBM 198 Extra"]
[Source "ChessBase"]
[SourceDate "2020.11.30"]
[SourceVersion "1"]
[SourceVersionDate "2020.11.30"]
[SourceQuality "1"]

1. e4 d5 2. exd5 Qxd5 3. Nc3 Qa5 4. d4 c6 5. Bc4 Nf6 6. Bd2 Bf5 7. Nf3 e6 8. Nd5 Qd8 9. Nxf6+ gxf6 10. Bf4 Nd7 11. Qe2 Nb6 12. Bb3 Nd5 13. Bd2 Qc7 14. Nh4 Bg6 15. 0-0-0 0-0-0 16. g3 Bb4 17. Bxb4 Nxb4 18. Qf3 Qe7 19. Rhe1 Kb8 20. a3 Nd5 21. Kb1 Rd7 22. Nxg6 hxg6 23. h4 Qd8 24. c3 f5 25. Bxd5 cxd5 26. Qf4+ Qc7 27. Qxc7+ Kxc7 28. Kc2 Kd6 29. Re2 Ke7 30. Rde1 Kf6 31. f4 Rc7 32. Kd3 Rhc8 33. Rc2 b5 34. b3 a5 35. Rec1 Ke7 36. c4 dxc4+ 37. bxc4 bxc4+ 38. Rxc4 Kd6 39. Rxc7 Rxc7 40. Rb1 Ra7 41. Rb5 Kd7 42. a4 Kd6 43. d5 e5 44. fxe5+ Kxe5 45. Kc4 Rc7+ 46. Rc5 Rb7 47. Rxa5 Rb1 48. Rb5 Rc1+ 49. Kb4 Rg1 50. a5 Rxg3 51. a6 Rg4+ 52. Ka5 Rxh4 53. a7 Rh8 54. Kb6 f4 55. Kc7 Ra8 56. d6+ Ke6 57. Ra5 f3 58. d7 f2 59. d8Q Rxd8 60. Kxd8 f1Q 61. a8Q Qd3+ 62. Ke8 Kf6 63. Kf8 Ke6 1-0

[Event "Helsinki HSK Autumn"]
[Site "Helsinki"]
[Date "2019.08.31"]
[Round "3"]
[White "Karttinen, Risto"]
[Black "Kumpulainen, Jari"]
[Result "1-0"]
[WhiteElo "1968"]
[BlackElo "1955"]
[PlyCount "95"]
[EventDate "2019.08.30"]
[EventType "swiss"]
[EventRounds "5"]
[EventCountry "FIN"]
[SourceTitle "EXT 2021"]
[Source "ChessBase"]
[SourceDate "2020.10.23"]
[SourceVersion "1"]
[SourceVersionDate "2020.10.23"]
[SourceQuality "1"]

1. c4 Nf6 2. g3 c5 3. Bg2 Nc6 4. Nc3 e6 5. Nf3 d6 6. 0-0 Be7 7. a3 0-0 8. Rb1 d5 9. cxd5 exd5 10. d4 Bf5 11. Ra1 Rc8 12. dxc5 Bxc5 13. b4 Be7 14. Bb2 a5 15. b5 Na7 16. Nd4 Bg6 17. Qb3 Ne4 18. Rfd1 Nxc3 19. Bxc3 a4 20. Qxa4 Rxc3 21. Qxa7 Bf6 22. Qxb7 Qa5 23. Nc6 Qa4 24. Ne7+ Bxe7 25. Qxe7 d4 26. b6 Rb3 27. b7 Re8 28. Qd6 Qa7 29. Qd7 Qb8 30. Rxd4 h6 31. Rc4 Qe5 32. Re1 Bf5 33. Qa4 Rb2 34. e3 Rd8 35. Rd1 Rb8 36. Qa7 Be6 37. Rcd4 Qc7 38. h4 Rf8 39. a4 Ra2 40. Rb1 Qc2 41. Rf1 Rb2 42. Qa6 Rb8 43. Qd6 Rf8 44. Be4 Qe2 45. Qf4 Bh3 46. Rfd1 Rb4 47. Rxb4 Qxd1+ 48. Kh2 1-0

[Event "Helsinki HSK Autumn"]
[Site "Helsinki"]
[Date "2019.08.30"]
[Round "1"]
[White "Kumpulainen, Jari"]
[Black "Suominen, Antti"]
[Result "1-0"]
[WhiteElo "1955"]
[BlackElo "2026"]
[PlyCount "113"]
[EventDate "2019.08.30"]
[EventType "swiss"]
[EventRounds "5"]
[EventCountry "FIN"]
[SourceTitle "EXT 2021"]
[Source "ChessBase"]
[SourceDate "2020.10.23"]
[SourceVersion "1"]
[SourceVersionDate "2020.10.23"]
[SourceQuality "1"]

1. e4 c5 2. c3 Nf6 3. e5 Nd5 4. d4 cxd4 5. cxd4 e6 6. Nf3 b6 7. Nc3 Nxc3 8. bxc3 Qc7 9. Bd2 d6 10. Bd3 Nd7 11. exd6 Bxd6 12. 0-0 Bb7 13. h3 0-0 14. Rc1 Bf4 15. Be3 Nf6 16. c4 Rac8 17. Re1 Rfd8 18. Qd2 Bd6 19. Qe2 Bc6 20. Bg5 Qb7 21. Nh4 Be7 22. Nf5 exf5 23. Qxe7 Qxe7 24. Rxe7 Be4 25. Bxe4 Nxe4 26. Be3 Ra8 27. a4 Kf8 28. Re5 g6 29. f3 f6 30. Re6 Rd6 31. Rxd6 Nxd6 32. c5 bxc5 33. dxc5 Nf7 34. Rb1 Nd8 35. Bf4 Rc8 36. Bd6+ Kf7 37. a5 a6 38. Rb6 Rc6 39. Kf2 Ke6 40. Bc7 Rxb6 41. axb6 Nb7 42. c6 Na5 43. b7 Nxc6 44. b8Q Nxb8 45. Bxb8 Kd5 46. Ke3 a5 47. Kd3 g5 48. Ba7 h5 49. Bd4 Ke6 50. Bc3 a4 51. Kc4 f4 52. Bb2 Kf5 53. Kd5 g4 54. h4 Kg6 55. Ke6 f5 56. Ba3 gxf3 57. gxf3 1-0

[Event "Helsinki EtVaS op"]
[Site "Helsinki"]
[Date "2019.05.18"]
[Round "3"]
[White "Kumpulainen, Jari"]
[Black "Suominen, Antti"]
[Result "1/2-1/2"]
[WhiteElo "1939"]
[BlackElo "1995"]
[PlyCount "103"]
[EventDate "2019.05.17"]
[EventType "swiss"]
[EventRounds "5"]
[EventCountry "FIN"]
[SourceTitle "CBM 195 Extra"]
[Source "ChessBase"]
[SourceDate "2020.05.31"]
[SourceVersion "1"]
[SourceVersionDate "2020.05.31"]
[SourceQuality "1"]

1. e4 c6 2. d4 d5 3. exd5 cxd5 4. Bd3 Nc6 5. Nf3 Bg4 6. c3 e6 7. Bf4 Nf6 8. Nbd2 Bd6 9. Bxd6 Qxd6 10. 0-0 0-0 11. Re1 Rab8 12. Qa4 Bxf3 13. Nxf3 a6 14. Ne5 Ne7 15. Qd1 b5 16. a3 a5 17. Re3 b4 18. axb4 axb4 19. g4 Ng6 20. Bxg6 fxg6 21. Ra7 bxc3 22. bxc3 Ne4 23. f3 Ng5 24. Kg2 Rb2+ 25. Re2 Qb6 26. Ra2 Rxa2 27. Rxa2 Rc8 28. Qe2 h6 29. h4 Nh7 30. Ra6 Qb1 31. Nc6 Re8 32. Nb4 Nf8 33. Ra7 e5 34. Qb5 Qb2+ 35. Kg3 Rd8 36. Qa5 Qe2 37. Nd3 Ne6 38. Ra8 Rf8 39. Rxf8+ Kxf8 40. Qxd5 Qxd3 41. Qxe6 Qxc3 42. Qxe5 Kg8 43. Qe8+ Kh7 44. Qe4 Qc1 45. h5 Qg1+ 46. Kf4 Qh2+ 47. Ke3 Qg1+ 48. Kd3 Qb1+ 49. Kc4 Qa2+ 50. Kc5 Qa5+ 51. Kd6 Qb6+ 52. Ke7 1/2-1/2

[Event "Salo SalSK op"]
[Site "Salo"]
[Date "2019.02.17"]
[Round "4"]
[White "Kumpulainen, Jari"]
[Black "Miettinen, Teemu"]
[Result "1/2-1/2"]
[WhiteElo "1993"]
[BlackElo "2011"]
[PlyCount "46"]
[EventDate "2019.02.15"]
[EventType "swiss"]
[EventRounds "5"]
[EventCountry "FIN"]
[SourceTitle "EXT 2021"]
[Source "ChessBase"]
[SourceDate "2020.10.23"]
[SourceVersion "1"]
[SourceVersionDate "2020.10.23"]
[SourceQuality "1"]

1. e4 e5 2. Nf3 Nc6 3. Bb5 a6 4. Ba4 Nf6 5. 0-0 b5 6. Bb3 Bc5 7. Qe2 d6 8. c3 0-0 9. Rd1 Qe7 10. d3 Rb8 11. Nbd2 Ng4 12. Rf1 Kh8 13. h3 Nh6 14. Bd5 Nd8 15. d4 Bb6 16. Re1 c6 17. Bb3 Ne6 18. dxe5 Nf4 19. Qd1 dxe5 20. Nf1 Rd8 21. Qc2 Qf6 22. Bxf4 Qxf4 23. Qc1 Qf6 1/2-1/2

[Event "Heart of Finland op 28th"]
[Site "Jyvaskyla"]
[Date "2018.07.16"]
[Round "1"]
[White "Kumpulainen, Jari"]
[Black "Laasanen, Teemu"]
[Result "0-1"]
[WhiteElo "1964"]
[BlackElo "2135"]
[PlyCount "28"]
[EventDate "2018.07.16"]
[EventType "swiss"]
[EventRounds "9"]
[EventCountry "FIN"]
[SourceTitle "EXT 2021"]
[Source "ChessBase"]
[SourceDate "2020.10.23"]
[SourceVersion "1"]
[SourceVersionDate "2020.10.23"]
[SourceQuality "1"]

1. e4 e6 2. d3 d5 3. Nd2 c5 4. g3 Nc6 5. Ngf3 Nf6 6. Bg2 Be7 7. 0-0 0-0 8. Re1 Qc7 9. Nf1 dxe4 10. dxe4 Rd8 11. Qe2 Nd4 12. Qc4 Qa5 13. Re3 b5 14. Qc3 b4 0-1

[Event "Turku We TuTS A"]
[Site "Turku"]
[Date "2017.12.10"]
[Round "4"]
[White "Kumpulainen, Jari"]
[Black "Uusi Oukari, Seppo"]
[Result "1/2-1/2"]
[WhiteElo "1963"]
[BlackElo "1898"]
[PlyCount "43"]
[EventDate "2017.12.08"]
[EventType "swiss"]
[EventRounds "5"]
[EventCountry "FIN"]
[SourceTitle "EXT 2022"]
[Source "ChessBase"]
[SourceDate "2021.10.06"]
[SourceVersion "1"]
[SourceVersionDate "2021.10.06"]
[SourceQuality "1"]

1. e4 c5 2. c3 d5 3. exd5 Qxd5 4. d4 cxd4 5. cxd4 e5 6. dxe5 Qxd1+ 7. Kxd1 Nc6 8. Bb5 Bg4+ 9. f3 0-0-0+ 10. Ke1 Nd4 11. Ba4 Bf5 12. Be3 Bc2 13. Bxd4 Bxa4 14. Ne2 Ne7 15. Nd2 Kb8 16. Nc1 Nc6 17. Bc3 Be7 18. Ne4 Rhe8 19. Kf2 Nb4 20. Bxb4 Bxb4 21. Nc3 Bc6 22. Rd1 1/2-1/2

[Event "Helsinki We Garde"]
[Site "Helsinki"]
[Date "2017.10.01"]
[Round "4"]
[White "Bederdin, Lauri"]
[Black "Kumpulainen, Jari"]
[Result "1-0"]
[WhiteElo "1847"]
[BlackElo "1978"]
[PlyCount "91"]
[EventDate "2017.09.29"]
[EventType "swiss"]
[EventRounds "5"]
[EventCountry "FIN"]
[SourceTitle "EXT 2022"]
[Source "ChessBase"]
[SourceDate "2021.10.06"]
[SourceVersion "1"]
[SourceVersionDate "2021.10.06"]
[SourceQuality "1"]

1. d4 Nf6 2. c4 c5 3. d5 b5 4. cxb5 a6 5. bxa6 Bxa6 6. Nc3 d6 7. g3 g6 8. Bg2 Bg7 9. Nf3 0-0 10. 0-0 Nbd7 11. Rb1 Qa5 12. Bd2 Rfb8 13. Qc1 Nb6 14. b3 Nbd7 15. a4 Qc7 16. Rd1 Qa7 17. Bh6 Rb4 18. Bxg7 Kxg7 19. Nd2 Ne5 20. h3 Rab8 21. Bf1 Qb7 22. f4 Ned7 23. e4 Bxf1 24. Rxf1 Nb6 25. Qc2 Qc8 26. Kh2 c4 27. Na2 Rxb3 28. Nxb3 cxb3 29. Qxb3 Nbd7 30. Qc3 Qa6 31. Qe3 Rxb1 32. Rxb1 Qxa4 33. Nc3 Qc2+ 34. Kg1 Nc5 35. Rc1 Qb2 36. Re1 Qc2 37. Re2 Qb3 38. Qd4 Kh6 39. g4 g5 40. fxg5+ Kxg5 41. h4+ Kg6 42. h5+ Kh6 43. g5+ Kxg5 44. Qe3+ Kxh5 45. Rh2+ Kg6 46. Qh6# 1-0

[Event "Helsinki We HSK syksy"]
[Site "Helsinki"]
[Date "2017.08.27"]
[Round "4"]
[White "Lindholm, Jere"]
[Black "Kumpulainen, Jari"]
[Result "1-0"]
[WhiteElo "2040"]
[BlackElo "1978"]
[PlyCount "65"]
[EventDate "2017.08.25"]
[EventType "swiss"]
[EventRounds "5"]
[EventCountry "FIN"]
[SourceTitle "EXT 2022"]
[Source "ChessBase"]
[SourceDate "2021.10.06"]
[SourceVersion "1"]
[SourceVersionDate "2021.10.06"]
[SourceQuality "1"]

1. e4 d5 2. exd5 Qxd5 3. Nc3 Qa5 4. d4 Nf6 5. Nf3 c6 6. Bc4 Bf5 7. Bd2 e6 8. Ne4 Qc7 9. Nxf6+ gxf6 10. Qe2 Nd7 11. 0-0-0 0-0-0 12. Nh4 Bg6 13. Bb3 Bd6 14. g3 f5 15. Ng2 Nf6 16. Bg5 Be7 17. Bxe6+ Kb8 18. Bb3 Rhe8 19. f3 Nd5 20. Bxe7 Rxe7 21. Qf2 Qa5 22. Rhe1 Red7 23. Kb1 Nb4 24. Nf4 Qb6 25. c3 Na6 26. h4 h5 27. Bc2 Nc7 28. Re5 Nd5 29. Qd2 c5 30. dxc5 Nxc3+ 31. Qxc3 Rxd1+ 32. Bxd1 Qb5 33. Be2 1-0

[Event "Hameenlinna We HamSK"]
[Site "Hameenlinna"]
[Date "2017.06.11"]
[Round "5"]
[White "Ertbjerg, Per"]
[Black "Kumpulainen, Jari"]
[Result "1/2-1/2"]
[WhiteElo "1888"]
[BlackElo "1949"]
[PlyCount "72"]
[EventDate "2017.06.10"]
[EventType "swiss"]
[EventRounds "5"]
[EventCountry "FIN"]
[SourceTitle "EXT 2022"]
[Source "ChessBase"]
[SourceDate "2021.10.06"]
[SourceVersion "1"]
[SourceVersionDate "2021.10.06"]
[SourceQuality "1"]

1. d4 Nf6 2. c4 c5 3. d5 e6 4. Nc3 exd5 5. cxd5 d6 6. e4 g6 7. Bg5 Bg7 8. f4 Qc7 9. Be2 0-0 10. Nf3 a6 11. 0-0 b5 12. Bxf6 Bxf6 13. e5 Bg7 14. Kh1 dxe5 15. d6 Qb6 16. Nd5 Qxd6 17. fxe5 Bxe5 18. Nxe5 Qxe5 19. Bf3 Ra7 20. Re1 Qxb2 21. Rc1 Be6 22. Rxc5 Nd7 23. Rc2 Qg7 24. Ne7+ Kh8 25. Nc8 Rxc8 26. Rxc8+ Nf8 27. Rb8 Rd7 28. Qc1 h5 29. Qc8 Kg8 30. Qxa6 Qc3 31. Rb1 b4 32. Qe2 Rd2 33. Qe1 Kg7 34. Qc1 Bxa2 35. R8xb4 Rc2 36. Qe1 Bxb1 1/2-1/2

[Event "Hameenlinna We HamSK"]
[Site "Hameenlinna"]
[Date "2017.06.10"]
[Round "3"]
[White "Hagelberg, Lauri"]
[Black "Kumpulainen, Jari"]
[Result "1/2-1/2"]
[WhiteElo "1997"]
[BlackElo "1949"]
[PlyCount "59"]
[EventDate "2017.06.10"]
[EventType "swiss"]
[EventRounds "5"]
[EventCountry "FIN"]
[SourceTitle "EXT 2022"]
[Source "ChessBase"]
[SourceDate "2021.10.06"]
[SourceVersion "1"]
[SourceVersionDate "2021.10.06"]
[SourceQuality "1"]

1. d4 Nf6 2. c4 c5 3. d5 e6 4. Nc3 exd5 5. cxd5 d6 6. Nf3 g6 7. g3 Bg7 8. Bg2 0-0 9. 0-0 Re8 10. Nd2 Nbd7 11. h3 Ne5 12. Kh2 h5 13. f4 Neg4+ 14. hxg4 Nxg4+ 15. Kh1 Ne3 16. Qb3 Nxf1 17. Bxf1 h4 18. Nce4 hxg3 19. Qxg3 b5 20. Bg2 Bb7 21. Bf3 c4 22. Ng5 Qb6 23. Nde4 f5 24. Qh3 fxe4 25. Qh7+ Kf8 26. Qxg6 Re7 27. Nh7+ Kg8 28. Nf6+ Kf8 29. Nh7+ Kg8 30. Nf6+ 1/2-1/2

[Event "Hameenlinna We HamSK"]
[Site "Hameenlinna"]
[Date "2017.06.10"]
[Round "2"]
[White "Jarvenpaa, Jari"]
[Black "Kumpulainen, Jari"]
[Result "1-0"]
[WhiteElo "2251"]
[BlackElo "1949"]
[PlyCount "53"]
[EventDate "2017.06.10"]
[EventType "swiss"]
[EventRounds "5"]
[EventCountry "FIN"]
[SourceTitle "EXT 2022"]
[Source "ChessBase"]
[SourceDate "2021.10.06"]
[SourceVersion "1"]
[SourceVersionDate "2021.10.06"]
[SourceQuality "1"]

1. e4 d5 2. exd5 Qxd5 3. Nc3 Qa5 4. d4 Nf6 5. Nf3 c6 6. Bc4 Bf5 7. Bd2 e6 8. Nd5 Qd8 9. Nxf6+ gxf6 10. Bb3 Nd7 11. Qe2 Be7 12. 0-0-0 Qc7 13. Nh4 Bg6 14. g3 0-0-0 15. Ng2 Rhe8 16. h4 h5 17. Nf4 Nf8 18. Nxg6 Nxg6 19. Qxh5 Rh8 20. Qa5 Rxd4 21. Qxc7+ Kxc7 22. Ba5+ b6 23. Rxd4 bxa5 24. Rhd1 Bc5 25. Rd7+ Kb6 26. Rxf7 Bxf2 27. Rxf6 1-0

[Event "Hameenlinna We HamSK"]
[Site "Hameenlinna"]
[Date "2017.06.10"]
[Round "1"]
[White "Kumpulainen, Jari"]
[Black "Iivonen, Markku"]
[Result "1/2-1/2"]
[WhiteElo "1949"]
[BlackElo "2054"]
[PlyCount "109"]
[EventDate "2017.06.10"]
[EventType "swiss"]
[EventRounds "5"]
[EventCountry "FIN"]
[SourceTitle "EXT 2022"]
[Source "ChessBase"]
[SourceDate "2021.10.06"]
[SourceVersion "1"]
[SourceVersionDate "2021.10.06"]
[SourceQuality "1"]

1. e4 e6 2. d3 d5 3. Nd2 c5 4. g3 Nf6 5. Bg2 Bd6 6. Ngf3 Nc6 7. 0-0 0-0 8. Re1 e5 9. exd5 Nxd5 10. Nc4 f6 11. c3 Be6 12. Nh4 Qd7 13. Qa4 Rfb8 14. Qc2 Rd8 15. Qe2 Bf7 16. Nxd6 Qxd6 17. Nf5 Qc7 18. Qg4 Bg6 19. h4 Nce7 20. Nxe7+ Nxe7 21. h5 Bxd3 22. Qe6+ Kh8 23. h6 Ng6 24. hxg7+ Kxg7 25. Be3 c4 26. Qh3 Qd7 27. Qh6+ Kg8 28. Rad1 Qg7 29. Qh3 f5 30. Bh6 Qf7 31. Bg5 Rd7 32. Bf3 e4 33. Bg2 Rc8 34. Be3 b5 35. Qh6 a5 36. Bh3 b4 37. Qg5 Rd5 38. Bd4 Rcd8 39. Qh6 Rxd4 40. cxd4 Rxd4 41. Qe3 Rd5 42. Qb6 Ne5 43. Kg2 c3 44. bxc3 bxc3 45. Rh1 c2 46. Rc1 Nc4 47. Qb8+ Kg7 48. Qf4 Re5 49. Rxc2 Bxc2 50. Rc1 Rc5 51. Rxc2 Ne3+ 52. Qxe3 Rxc2 53. Qg5+ Qg6 54. Qe7+ Qf7 55. Qg5+ 1/2-1/2

[Event "Helsinki We HSK kevat A"]
[Site "Helsinki"]
[Date "2017.05.27"]
[Round "3"]
[White "Salminen, Jussi"]
[Black "Kumpulainen, Jari"]
[Result "0-1"]
[WhiteElo "1967"]
[BlackElo "1949"]
[PlyCount "60"]
[EventDate "2017.05.26"]
[EventType "swiss"]
[EventRounds "4"]
[EventCountry "FIN"]
[SourceTitle "EXT 2022"]
[Source "ChessBase"]
[SourceDate "2021.10.06"]
[SourceVersion "1"]
[SourceVersionDate "2021.10.06"]
[SourceQuality "1"]

1. d4 Nf6 2. Bg5 d5 3. Bxf6 exf6 4. e3 Bd6 5. c4 dxc4 6. Bxc4 0-0 7. Nd2 c5 8. Ne2 Nc6 9. 0-0 cxd4 10. exd4 Bg4 11. f3 Bf5 12. Ne4 Bc7 13. Qd2 Bb6 14. Rad1 Rc8 15. Bb3 Re8 16. N4g3 Bg6 17. Kh1 Na5 18. Nc3 Nxb3 19. axb3 Ba5 20. f4 Be4 21. f5 Bd5 22. Rf4 Bxb3 23. Rc1 Bxc3 24. bxc3 Bc4 25. Rg4 Kh8 26. Rxg7 Kxg7 27. Nh5+ Kh8 28. Qh6 Rg8 29. Nxf6 Rg7 30. Nh5 Qg5 0-1

[Event "Helsinki We Garde Spring A"]
[Site "Helsinki"]
[Date "2017.04.01"]
[Round "3"]
[White "Kumpulainen, Jari"]
[Black "Sorvari, Jarmo"]
[Result "1-0"]
[WhiteElo "1941"]
[BlackElo "2053"]
[PlyCount "73"]
[EventDate "2017.03.31"]
[EventType "swiss"]
[EventRounds "5"]
[EventCountry "FIN"]
[SourceTitle "EXT 2022"]
[Source "ChessBase"]
[SourceDate "2021.10.06"]
[SourceVersion "1"]
[SourceVersionDate "2021.10.06"]
[SourceQuality "1"]

1. e4 c5 2. c3 d5 3. exd5 Qxd5 4. d4 Nf6 5. Nf3 Bg4 6. Be2 e6 7. 0-0 Be7 8. Re1 0-0 9. Be3 cxd4 10. Nxd4 Bxe2 11. Qxe2 Nc6 12. Nd2 a6 13. h3 b5 14. a3 Rfc8 15. Nxc6 Qxc6 16. Nf3 Nd5 17. Bd2 Bf6 18. Rad1 Nb6 19. Bg5 Bxg5 20. Nxg5 h6 21. Nf3 Nd5 22. Nd4 Qb6 23. Qg4 Nf6 24. Qh4 Rd8 25. Rd3 Rd5 26. Rg3 Kf8 27. Rf3 Rh5 28. Qf4 Qc5 29. Rxe6 Qg5 30. Qd6+ Kg8 31. Rexf6 Qc1+ 32. Kh2 gxf6 33. Qxf6 Rg5 34. Qxf7+ Kh8 35. Qf6+ Kh7 36. Qe7+ Rg7 37. Qe4+ 1-0

[Event "Helsinki We HSK talvi"]
[Site "Helsinki"]
[Date "2017.01.29"]
[Round "5"]
[White "Lonnqvist, Henrik"]
[Black "Kumpulainen, Jari"]
[Result "1-0"]
[WhiteElo "1989"]
[BlackElo "1971"]
[PlyCount "73"]
[EventDate "2017.01.27"]
[EventType "swiss"]
[EventRounds "5"]
[EventCountry "FIN"]
[SourceTitle "EXT 2022"]
[Source "ChessBase"]
[SourceDate "2021.10.06"]
[SourceVersion "1"]
[SourceVersionDate "2021.10.06"]
[SourceQuality "1"]

1. e4 d5 2. exd5 Qxd5 3. Nc3 Qa5 4. d4 Nf6 5. Nf3 c6 6. Ne5 Bf5 7. Bd2 e6 8. g4 Bg6 9. h4 h5 10. Nxg6 fxg6 11. g5 Nfd7 12. Bd3 Bb4 13. Bxg6+ Kd8 14. Qe2 Bxc3 15. Bxc3 Qd5 16. Be4 Qd6 17. 0-0-0 Na6 18. Kb1 Nb4 19. Bxb4 Qxb4 20. Bg6 Kc7 21. Bxh5 Nb6 22. c3 Qd6 23. Bg4 a5 24. Qxe6 Rae8 25. Qxd6+ Kxd6 26. f4 Nc4 27. Rh2 Re4 28. Rf1 Rhe8 29. h5 Re1+ 30. Rxe1 Rxe1+ 31. Kc2 Ne3+ 32. Kd2 Nxg4 33. Kxe1 Nxh2 34. h6 gxh6 35. gxh6 Nf3+ 36. Kf2 Nh4 37. f5 1-0